| 000 | 00671cam a2200229 a 4500 | ||
|---|---|---|---|
| 001 | 12744307 | ||
| 003 | ARRUPE | ||
| 005 | 20131127145023.0 | ||
| 008 | 020417s1999 iv 000 1 fre | ||
| 010 | _a 2002394068 | ||
| 020 | _z2910518105 | ||
| 040 |
_aDLC _cDLC _dDLC |
||
| 050 | 0 | 0 |
_aPR9371.9 _bS31F6 1999 |
| 082 | 0 | 0 |
_a843/.914 _221 |
| 100 | 1 |
_aSalif, Diaby _94281 |
|
| 245 | 1 | 3 |
_aLe fou du violon : _bnouvelles / _cDiaby Salif. |
| 260 |
_aAbidjan : _bPasserelle éditions, _cc1999. |
||
| 300 |
_a106 p. ; _c18 cm. |
||
| 906 |
_a7 _bcbc _corignew _d3 _encip _f20 _gy-gencatlg |
||
| 942 |
_2lcc _cMONOGRAPH |
||
| 999 |
_c118802 _d118802 |
||